都道府県それぞれの最北端市町村 - Statistics

General Stats
  • This quiz has been taken 134 times
  • The average score is 35 of 46
Answer Stats
Hint Answer % Correct
茨城県 北茨城市
88%
石川県 輪島市
88%
長崎県 対馬市
88%
静岡県 静岡市
86%
神奈川県 相模原市
85%
愛媛県 今治市
85%
栃木県 那須塩原市
84%
新潟県 村上市
84%
滋賀県 長浜市
84%
青森県 大間町
83%
宮城県 気仙沼市
82%
群馬県 みなかみ町
82%
千葉県 野田市
82%
岐阜県 飛騨市
82%
兵庫県 豊岡市
82%
島根県 隠岐の島町
82%
山口県 萩市
82%
香川県 小豆島町
82%
佐賀県 唐津市
82%
福井県 あわら市
81%
和歌山県 橋本市
80%
山梨県 北杜市
79%
広島県 庄原市
79%
宮崎県 延岡市
79%
東京都 奥多摩町
78%
京都府 京丹後市
78%
大阪府 能勢町
77%
愛知県 犬山市
76%
徳島県 鳴門市
76%
三重県 いなべ市
75%
奈良県 生駒市
75%
福島県 福島市
73%
山形県 酒田市
72%
富山県 朝日町
72%
大分県 姫島村
72%
岩手県 洋野町
69%
北海道 紗那村
68%
福岡県 宗像市
68%
秋田県 小坂町
66%
熊本県 小国町
64%
埼玉県 上里町
62%
鹿児島県 長島町
61%
高知県 大豊町
60%
鳥取県 岩美町
58%
岡山県 鏡野町
56%
沖縄県 久米島町
46%
No matching quizzes found
Score Distribution
Percent of People with Each Score
Percentile by Number Answered
Your Score History
You have not taken this quiz